000 00260nam a22000857a 4500
008 161117b xxu||||| |||| 00| 0 eng d
100 _91281
_aCBSE
245 _aSample Question papers in maths physics, chemistry, bio-technology - XII
260 _aNew delhi
_bCBSE
_c2008
999 _c3985
_d3985